<?xml version="1.0" encoding="UTF-8"?>
<record
    xmlns:xsi="http://www.w3.org/2001/XMLSchema-instance"
    xsi:schemaLocation="http://www.loc.gov/MARC21/slim http://www.loc.gov/standards/marcxml/schema/MARC21slim.xsd"
    xmlns="http://www.loc.gov/MARC21/slim">

  <leader>00938nam a2200193Ia 4500</leader>
  <controlfield tag="003">IN-BaIIA</controlfield>
  <controlfield tag="008">211028s9999    xx            000 0 eng d</controlfield>
  <datafield tag="020" ind1=" " ind2=" ">
    <subfield code="a">4-946443-34-7</subfield>
  </datafield>
  <datafield tag="040" ind1=" " ind2=" ">
    <subfield code="c">IIA Library</subfield>
  </datafield>
  <datafield tag="080" ind1=" " ind2=" ">
    <subfield code="a">535.33(082.2)</subfield>
    <subfield code="b">YAM</subfield>
  </datafield>
  <datafield tag="111" ind1=" " ind2=" ">
    <subfield code="a">Colloquium on UV and X-ray Spectroscopy of Astrophysical and Laboratory Plasmas</subfield>
    <subfield code="n">11nth</subfield>
    <subfield code="c">Japan</subfield>
    <subfield code="d">1995 May 29- Jun 2</subfield>
    <subfield code="9">22288</subfield>
  </datafield>
  <datafield tag="245" ind1=" " ind2="0">
    <subfield code="a">UV and X-Ray spectroscopy of astrophysical and laboratory plasmas</subfield>
    <subfield code="b">proceedings of the eleventh colloquium on UV and X-ray spectroscopy of astrophysical and laboratory plasmas held in Nagoya, Japan, May 29-Jun 2 1995</subfield>
    <subfield code="c">edited by K. Yamashita and T. Watanabe                                               </subfield>
  </datafield>
  <datafield tag="260" ind1=" " ind2=" ">
    <subfield code="a">Japan</subfield>
    <subfield code="b">Universal Academy Press</subfield>
    <subfield code="c">1996</subfield>
  </datafield>
  <datafield tag="300" ind1=" " ind2=" ">
    <subfield code="a">xii, 521p.</subfield>
  </datafield>
  <datafield tag="490" ind1=" " ind2=" ">
    <subfield code="a">Frontier Science Series no. 15</subfield>
  </datafield>
  <datafield tag="650" ind1=" " ind2=" ">
    <subfield code="a">spectroscopy, uv-spectroscopy, x-ray spectroscopy</subfield>
    <subfield code="9">22289</subfield>
  </datafield>
  <datafield tag="700" ind1=" " ind2=" ">
    <subfield code="a">Watanabe, T., ed.</subfield>
    <subfield code="9">22290</subfield>
  </datafield>
  <datafield tag="942" ind1=" " ind2=" ">
    <subfield code="c">BK</subfield>
  </datafield>
  <datafield tag="999" ind1=" " ind2=" ">
    <subfield code="c">12730</subfield>
    <subfield code="d">12730</subfield>
  </datafield>
  <datafield tag="952" ind1=" " ind2=" ">
    <subfield code="0">0</subfield>
    <subfield code="1">0</subfield>
    <subfield code="4">0</subfield>
    <subfield code="7">0</subfield>
    <subfield code="a">BAN</subfield>
    <subfield code="b">BAN</subfield>
    <subfield code="c">GEN</subfield>
    <subfield code="d">1998-11-12</subfield>
    <subfield code="e">UNAP  </subfield>
    <subfield code="g">5250.00</subfield>
    <subfield code="l">0</subfield>
    <subfield code="o">535.33(082.2)/ YAM</subfield>
    <subfield code="p">13647</subfield>
    <subfield code="r">2021-11-05</subfield>
    <subfield code="v">5250.00</subfield>
    <subfield code="w">1998-11-12</subfield>
    <subfield code="y">BK</subfield>
    <subfield code="G">Rs. 5250.00  </subfield>
  </datafield>
</record>
